Normativa clau en participació ciutadana a l'àmbit municipal /
Descripción Física:
14 pàgines : 21 cm
Colección:
Quaderns de participació ciutadana
; 9
Idioma:
Catalán
MARC
| LEADER | 00000nam a2200000 a 4500 | ||
|---|---|---|---|
| 001 | 25408 | ||
| 008 | 220506s2021 spa||||| ||||s00| 0 cat | ||
| 017 | |a DL B 9430-2021 | ||
| 080 | |a FU-68-59 | ||
| 100 | |9 52275 |a Martí, Josep Lluís | ||
| 245 | 1 | |a Normativa clau en participació ciutadana a l'àmbit municipal / |c Josep Lluís Martí | |
| 260 | |a Barcelona : |b Diputació de Barcelona. Àrea de Presidència, |c 2021 | ||
| 300 | |a 14 pàgines : |c 21 cm | ||
| 490 | 1 | |a Quaderns de participació ciutadana ; |v 9 | |
| 650 | 0 | |a Participació ciutadana |9 7371 | |
| 650 | 0 | |a Administració local |x Dret i legislació |9 31521 | |
| 710 | |a Barcelona (Catalunya : Província). |b Servei d'Agenda 2030 i Participació |9 52276 | ||
| 830 | 0 | |9 56231 |a Quaderns de participació ciutadana |v 9 | |
| 942 | |2 udc |c ARXIU |n 1 | ||
| 952 | |0 0 |1 0 |4 0 |6 FU6859 |7 1 |9 61494 |a Arxiu |b Arxiu |d 2022-05-06 |l 0 |o FU-68-59 |p 25408 |r 2022-05-06 00:00:00 |w 2022-05-06 |y ARXIU | ||
| 999 | |c 81444 |d 81444 | ||